| 000 -LEADER |
| fixed length control field |
00758nam a22002057a 4500 |
| 005 - DATE AND TIME OF LATEST TRANSACTION |
| control field |
20221105203701.0 |
| 008 - FIXED-LENGTH DATA ELEMENTS--GENERAL INFORMATION |
| fixed length control field |
200910s2019 enk||||| |||| 00| 0 eng d |
| 020 ## - INTERNATIONAL STANDARD BOOK NUMBER |
| International Standard Book Number |
9781975106706 1 |
| 041 ## - LANGUAGE CODE |
| Language code of text/sound track or separate title |
eng |
| 080 ## - UNIVERSAL DECIMAL CLASSIFICATION NUMBER |
| Universal Decimal Classification number |
615 L-79 |
| 245 ## - TITLE STATEMENT |
| Title |
Lippincott Illustrated Reviews: |
| Remainder of title |
Pharmacology / |
| Statement of responsibility, etc. |
Editors : Karen Whalen, Carinda Feild, Rajan Radhakrishnan. |
| 264 ## - PRODUCTION, PUBLICATION, DISTRIBUTION, MANUFACTURE, AND COPYRIGHT NOTICE |
| Place of production, publication, distribution, manufacture |
Philadelpha: |
| Name of producer, publisher, distributor, manufacturer |
Wolters Kluwer, |
| Date of production, publication, distribution, manufacture, or copyright notice |
2019. |
| 300 ## - PHYSICAL DESCRIPTION |
| Extent |
593 p. |
| Other physical details |
ill. |
| Dimensions |
28 cm. |
| 653 ## - INDEX TERM--UNCONTROLLED |
| keyword |
მედიცინა |
| 653 ## - INDEX TERM--UNCONTROLLED |
| keyword |
ფარმაკოლოგია |
| 700 ## - ADDED ENTRY--PERSONAL NAME |
| Personal name |
Whalen, Karen |
| Relator term |
რედაქტორი |
| 9 (RLIN) |
9500 |
| 700 ## - ADDED ENTRY--PERSONAL NAME |
| Personal name |
Feild, Carinda |
| Relator term |
რედაქტორი |
| 9 (RLIN) |
9501 |
| 700 ## - ADDED ENTRY--PERSONAL NAME |
| Personal name |
Radhakrishnan, Rajan |
| Relator term |
რედაქტორი |
| 9 (RLIN) |
9502 |
| 942 ## - ADDED ENTRY ELEMENTS (KOHA) |
| Source of classification or shelving scheme |
|
| Koha item type |
წიგნი |